01558nam a2200241 a 4500001001500000003000400015005001700019008004100036020003500077020003000112040000700142082002000149100002500169245007200194250001600266260003800282300002100320520073400341856008201075942001201157999001901169952012801188ASIN0500274126OSt20180116192419.0131127s1992 xxu eng d a0500274126 (paperback)c$24.95 a9780500274125 (paperback) c d a745.2bFOR 20051 aForty, Adrian.9715510aObjects of desire :bdesign and society since 1750 /cAdrian Forty. aReprint ed. a[S.l.] :bThames & Hudson,c1992. a246 p. ;c25 cm. a"One of the most significant contributions to design history in recent years."— Financial Times Objects of Desire looks at the appearance of consumer goods in the 200 years since the introduction of mechanized production, whether in Josiah Wedgewood's use of neo-classicism for his industrially manufactured pottery or the development of appropriate forms for wirelesses. The argument is illustrated with examples ranging from penknives to computers and from sewing machines to railway carriages. In opening up new ways of appraising the man-made world around us, Objects of Desire is required reading for anyone who has any involvement with design and a revealing document about our society. 272 black-and-white illustrations.403Amazon.comuhttp://www.amazon.com/exec/obidos/ASIN/0500274126/chopaconline-20 2ddccBK c353851d353851 00102ddc4070aSADAbSADAd2013-11-27l5m3o745.2 FOR 2005pSADA0002171r2016-05-10s2016-04-26v2689.46w2013-11-27yBK